000 01082nam a2200277 a 4500
001 BRCA_9166
005 20190320210538.0
008 231018s2017----sp-a######---#000-0#spa-#
020 _a9788494746628
041 _aspa
044 _asp
050 4 _aN6550
_b.T73 2017
245 1 0 _aTrazos en la historia
_barte español en México
_cedición dirigida por Luis Javier Cuesta Hernández ; con textos de Juan B. Artigas [et al.] ; con prólogo de Óscar H. Flores Flores.
260 _a[Madrid]
_bEdiciones El Viso
_c2017
300 _a214 p.
_bil. (principalmente a color)
_c30 cm.
500 _aIncluye piezas de la colección Franz Mayer : p. [6], 184 y 193
504 _aBibliografía : p. 206-214
650 1 4 _aArte español
_zMéxico
_922605
650 1 4 _aArquitectura española
_zMéxico
_922606
650 1 4 _aArtistas expatriados
_xHistoria
_zMéxico
_922607
650 1 4 _aArtistas
_xHistoria
_zEspaña
_922608
700 1 _aCuesta Hernández, Luis Javier
_922609
700 1 _aArtigas, Juan B.
_922610
700 1 _aFlores Flores, Óscar H.
_epról.
_922611
942 _2lcc
_cB
999 _c8813
_d8813